01229naa#a2200181#i#4500001002000000005001700020011001400037100004100051102000700092200028000099210007800379215001000457608004500467675042500512700005200937700004200989856001601031RU\RIOR\bibl\12124320260706005630.1##a2658-5340##a20260625b2026####ek#y0rusy0150####ca##aRU1#aСовершенствование организационно-технологических решений строительства многоквартирных жилых зданий в Республике ТуркменистанeЖурнальная статья1#aМоскваcООО "Издательский Центр РИОР"d2026##a0 с.##aЖурнальная статья2local##aСтроительная площадка. Оборудование, организация и технология строительства. Индустриальное строительство. Монтаж. Испытания на строительной площадке. Строительные повреждения. Срок службы сооружений. Уход за сооружениями. 69.05#1aЛапидусgАзарий Абрамович#1aАразовgБайраммырат 4#ariorpub.com